[Event "Bucharest-B (Women)"]
[Site "Bucharest"]
[Date "1994.??.??"]
[Round "?"]
[White "Ghinda, Eugenia"]
[Black "Ivanova, Svetlana"]
[Result "1/2-1/2"]
[WhiteElo "2145"]
[BlackElo "2080"]
[PlyCount "22"]
[EventDate "1994.??.??"]
[EventType "tourn"]
[EventRounds "11"]
[EventCountry "ROU"]
[SourceTitle "EXT 1997"]
[Source "ChessBase"]
[SourceDate "1996.11.15"]
[SourceVersion "1"]
[SourceVersionDate "1996.11.15"]
[SourceQuality "1"]

1. e4 c5 2. Nf3 Nc6 3. d4 cxd4 4. Nxd4 e5 5. Nb5 d6 6. N1c3 a6 7. Na3 b5 8. Nd5 Nge7 9. Nxe7 Bxe7 10. Be2 0-0 11. 0-0 Nd4 1/2-1/2

[Event "ROM-chT"]
[Site "Romania"]
[Date "1994.??.??"]
[Round "?"]
[White "Ghinda, Eugenia"]
[Black "Olteanu, Gabriela"]
[Result "0-1"]
[WhiteElo "2145"]
[BlackElo "2055"]
[PlyCount "76"]
[EventDate "1994.??.??"]
[EventType "team"]
[EventRounds "10"]
[EventCountry "ROU"]
[SourceTitle "EXT 1997"]
[Source "ChessBase"]
[SourceDate "1996.11.15"]
[SourceVersion "1"]
[SourceVersionDate "1996.11.15"]
[SourceQuality "1"]

1. e4 g6 2. d4 Bg7 3. Nc3 d6 4. f4 Nf6 5. Nf3 0-0 6. Be3 Nbd7 7. h3 c5 8. Be2 cxd4 9. Nxd4 a6 10. Bf3 Qc7 11. a4 e5 12. Nde2 b6 13. 0-0 Bb7 14. Qd2 Nc5 15. Ng3 Rad8 16. fxe5 dxe5 17. Qf2 a5 18. Rad1 h6 19. Rfe1 Qe7 20. Qe2 Ba6 21. Qf2 Bb7 22. Kh1 Bc6 23. Qe2 Rxd1 24. Rxd1 Rd8 25. Rxd8+ Qxd8 26. Qc4 Bf8 27. b3 Kg7 28. Qf1 Kh7 29. Qf2 Be7 30. Nf1 Bf8 31. Qd2 Qxd2 32. Nxd2 Bd6 33. Kg1 Bc7 34. Kf2 Kg7 35. g4 g5 36. Bg2 Kf8 37. Kf3 Ke7 38. Nc4 Nfd7 0-1

[Event "Bucharest TIT-2 (Women)"]
[Site "Bucharest"]
[Date "1993.??.??"]
[Round "8"]
[White "Ghinda, Eugenia"]
[Black "Iosif, Cristina S"]
[Result "1/2-1/2"]
[WhiteElo "2160"]
[BlackElo "2210"]
[PlyCount "92"]
[EventDate "1993.??.??"]
[EventType "tourn"]
[EventRounds "11"]
[EventCountry "ROU"]
[SourceTitle "EXT 1998"]
[Source "ChessBase"]
[SourceDate "1997.11.17"]
[SourceVersion "1"]
[SourceVersionDate "1997.11.17"]
[SourceQuality "1"]

1. e4 c5 2. Nf3 d6 3. d4 cxd4 4. Nxd4 Nf6 5. Nc3 e6 6. g3 a6 7. Bg2 Qc7 8. 0-0 Be7 9. Be3 Nc6 10. f4 Bd7 11. Nb3 Rc8 12. Qe2 0-0 13. g4 d5 14. exd5 Nb4 15. Bd4 Qc4 16. Qxc4 Rxc4 17. dxe6 fxe6 18. g5 Nfd5 19. Nxd5 Nxd5 20. Bxd5 exd5 21. c3 Bh3 22. Rf3 Bf5 23. Re1 Bd6 24. Be5 Bxe5 25. Rxe5 Bg4 26. Rf2 Rcxf4 27. Rxf4 Rxf4 28. Kg2 Rf5 29. Rxf5 Bxf5 30. Kg3 Kf7 31. Kf4 Bb1 32. a3 b6 33. Nd4 Kg6 34. Nc6 Ba2 35. Kg4 Kf7 36. Kf5 Ke8 37. Ke5 a5 38. b4 Kd7 39. Nd4 axb4 40. cxb4 h6 41. gxh6 gxh6 42. b5 Bc4 43. a4 h5 44. h4 Ba2 45. Ne2 Bb3 46. Nc3 Kd8 1/2-1/2

[Event "Budapest IM (Women)"]
[Site "Budapest"]
[Date "1991.??.??"]
[Round "9"]
[White "Derlich, Karin"]
[Black "Ghinda, Eugenia"]
[Result "0-1"]
[WhiteElo "2110"]
[BlackElo "2135"]
[PlyCount "80"]
[EventDate "1991.??.??"]
[EventType "tourn"]
[EventRounds "11"]
[EventCountry "HUN"]
[SourceTitle "EXT 1997"]
[Source "ChessBase"]
[SourceDate "1996.11.15"]
[SourceVersion "1"]
[SourceVersionDate "1996.11.15"]
[SourceQuality "1"]

1. e4 e5 2. Nf3 Nf6 3. Nxe5 d6 4. Nf3 Nxe4 5. d4 d5 6. Be2 Be7 7. 0-0 0-0 8. c4 Nc6 9. Nc3 Nxc3 10. bxc3 dxc4 11. Bxc4 Bf5 12. Be3 Bf6 13. Qd2 h6 14. Rac1 Qd7 15. Rfd1 Rad8 16. Be2 a6 17. c4 Rfe8 18. d5 Ne5 19. Nxe5 Bxe5 20. Qb4 b6 21. Bf3 Bg4 22. Bxg4 Qxg4 23. a3 Qh4 24. g3 Qf6 25. a4 Qf3 26. Qb3 h5 27. Rd3 Qe4 28. Qc2 h4 29. Rb3 Qg4 30. Qd1 Qg6 31. Qf3 Rd6 32. Bd2 hxg3 33. hxg3 f5 34. Kg2 f4 35. Bxf4 Rf8 36. Kf1 Bxf4 37. gxf4 Rdf6 38. Qg3 Qh5 39. Rf3 Qh1+ 40. Qg1 Qxf3 0-1

[Event "Brno zt (Women)"]
[Site "Brno"]
[Date "1989.??.??"]
[Round "4"]
[White "Ghinda, Eugenia"]
[Black "Muresan, Margareta"]
[Result "1/2-1/2"]
[WhiteElo "2200"]
[BlackElo "2215"]
[PlyCount "79"]
[EventDate "1989.??.??"]
[EventType "tourn"]
[EventRounds "17"]
[EventCountry "CZE"]
[SourceTitle "EXT 1997"]
[Source "ChessBase"]
[SourceDate "1996.11.15"]
[SourceVersion "1"]
[SourceVersionDate "1996.11.15"]
[SourceQuality "1"]

1. e4 c5 2. Nf3 Nc6 3. d4 cxd4 4. Nxd4 e5 5. Nb5 d6 6. N1c3 a6 7. Na3 b5 8. Nd5 Nge7 9. c4 Nd4 10. cxb5 Nxd5 11. exd5 Be7 12. Bc4 0-0 13. 0-0 f5 14. Be3 axb5 15. Bd3 b4 16. Nc4 Bb7 17. Bxd4 exd4 18. Qb3 Bxd5 19. Qxb4 Rb8 20. Qd2 Qd7 21. Rfc1 Qe6 22. Na5 Bf6 23. Rc2 Rfe8 24. b3 Be4 25. Rf1 Ra8 26. b4 Bd8 27. Nb3 Bb6 28. Bc4 d5 29. Bd3 f4 30. Nc5 Bxc5 31. Rxc5 f3 32. Bxe4 dxe4 33. Qxd4 Qg4 34. Qd5+ Kh8 35. Qg5 Qxg5 36. Rxg5 Rxa2 37. gxf3 exf3 38. Rf5 Rb2 39. Rxf3 Rxb4 40. Rd1 1/2-1/2

[Event "Brno zt (Women)"]
[Site "Brno"]
[Date "1989.??.??"]
[Round "1"]
[White "Ghinda, Eugenia"]
[Black "Olarasu, Gabriela"]
[Result "1/2-1/2"]
[WhiteElo "2200"]
[BlackElo "2215"]
[PlyCount "35"]
[EventDate "1989.??.??"]
[EventType "tourn"]
[EventRounds "17"]
[EventCountry "CZE"]
[SourceTitle "EXT 1997"]
[Source "ChessBase"]
[SourceDate "1996.11.15"]
[SourceVersion "1"]
[SourceVersionDate "1996.11.15"]
[SourceQuality "1"]

1. e4 e5 2. Nf3 Nc6 3. Bb5 a6 4. Ba4 Nf6 5. 0-0 b5 6. Bb3 Bb7 7. d3 Be7 8. c4 bxc4 9. Bxc4 0-0 10. Nc3 d6 11. a3 Bc8 12. h3 Be6 13. b4 d5 14. exd5 Nxd5 15. Nxd5 Bxd5 16. Bb2 Bf6 17. Re1 Re8 18. Nd2 1/2-1/2

[Event "Brno zt (Women)"]
[Site "Brno"]
[Date "1989.??.??"]
[Round "12"]
[White "Ghinda, Eugenia"]
[Black "Wagner Michel, Annett"]
[Result "1-0"]
[WhiteElo "2200"]
[BlackElo "2190"]
[PlyCount "118"]
[EventDate "1989.??.??"]
[EventType "tourn"]
[EventRounds "17"]
[EventCountry "CZE"]
[SourceTitle "EXT 1997"]
[Source "ChessBase"]
[SourceDate "1996.11.15"]
[SourceVersion "1"]
[SourceVersionDate "1996.11.15"]
[SourceQuality "1"]

1. Nf3 d5 2. d4 Nf6 3. e3 g6 4. Bd3 Bg7 5. 0-0 0-0 6. b3 Nbd7 7. Ba3 Re8 8. Nbd2 e5 9. dxe5 Ng4 10. Be2 Ngxe5 11. Rb1 c6 12. c4 Nxf3+ 13. Nxf3 Nf6 14. Bb2 Bf5 15. Rc1 dxc4 16. Bxc4 h6 17. Qxd8 Raxd8 18. Rfd1 Be4 19. Kf1 Bd5 20. Ke1 Bxc4 21. Rxd8 Rxd8 22. Rxc4 Rd7 23. Bd4 a6 24. Ke2 Nd5 25. Bxg7 Kxg7 26. g3 h5 27. Ne5 Re7 28. Nd3 f5 29. Kd2 Nf6 30. Rd4 Ne4+ 31. Kc2 Kf6 32. Rd8 Kf7 33. b4 Rc7 34. f3 Nf6 35. Ne5+ Kg7 36. Kd3 c5 37. a3 cxb4 38. axb4 Re7 39. f4 Rc7 40. Rd6 Rc1 41. Rb6 Rc7 42. Kd4 Re7 43. Rd6 Re8 44. h3 Re7 45. Rb6 Rc7 46. Re6 h4 47. gxh4 Ne4 48. Rxg6+ Kh7 49. Re6 Rg7 50. Nf3 a5 51. bxa5 Rd7+ 52. Ke5 Ng3 53. Ng5+ Kg7 54. Rb6 Re7+ 55. Re6 Rc7 56. Kd6 Rc6+ 57. Kd5 Rc3 58. Re5 Rd3+ 59. Kc5 Rd6 1-0

[Event "Brno zt (Women)"]
[Site "Brno"]
[Date "1989.??.??"]
[Round "11"]
[White "Kaczorowska, Barbara"]
[Black "Ghinda, Eugenia"]
[Result "0-1"]
[WhiteElo "2225"]
[BlackElo "2200"]
[PlyCount "61"]
[EventDate "1989.??.??"]
[EventType "tourn"]
[EventRounds "17"]
[EventCountry "CZE"]
[SourceTitle "EXT 1997"]
[Source "ChessBase"]
[SourceDate "1996.11.15"]
[SourceVersion "1"]
[SourceVersionDate "1996.11.15"]
[SourceQuality "1"]

1. d4 e6 2. c4 f5 3. g3 Nf6 4. Bg2 c6 5. Nh3 d5 6. 0-0 Bd6 7. Bf4 Be7 8. Qd3 0-0 9. Nd2 Ne4 10. f3 Nxd2 11. Qxd2 Nd7 12. e4 dxc4 13. Rac1 Nb6 14. Be5 Bd7 15. f4 Be8 16. Ng5 Qd7 17. Qe2 h6 18. Nf3 Bh5 19. Qe3 Rac8 20. Nd2 c5 21. Nxc4 Nxc4 22. Rxc4 b5 23. Rxc5 Bxc5 24. dxc5 Rfd8 25. Bd6 Bf7 26. e5 b4 27. Rc1 Rc6 28. Qb3 a5 29. a3 bxa3 30. bxa3 Rdc8 31. Qb5 0-1

[Event "Brno zt (Women)"]
[Site "Brno"]
[Date "1989.??.??"]
[Round "15"]
[White "Prochazkova, Dana"]
[Black "Ghinda, Eugenia"]
[Result "1-0"]
[WhiteElo "2025"]
[BlackElo "2200"]
[PlyCount "117"]
[EventDate "1989.??.??"]
[EventType "tourn"]
[EventRounds "17"]
[EventCountry "CZE"]
[SourceTitle "EXT 1997"]
[Source "ChessBase"]
[SourceDate "1996.11.15"]
[SourceVersion "1"]
[SourceVersionDate "1996.11.15"]
[SourceQuality "1"]

1. d4 e6 2. Nf3 f5 3. g3 Nf6 4. Bg2 d5 5. 0-0 Bd6 6. Bf4 0-0 7. e3 Qe7 8. Ne5 Nbd7 9. Nd3 b6 10. Re1 Bb7 11. Nd2 Ne4 12. Bxd6 Qxd6 13. Nf3 c5 14. c3 g5 15. Nfe5 Rad8 16. Nxd7 Rxd7 17. f3 Nf6 18. Ne5 Rg7 19. f4 gxf4 20. gxf4 Kh8 21. Kh1 Rfg8 22. Bf3 Qe7 23. Qe2 Ng4 24. Bxg4 fxg4 25. Rg1 h5 26. Rg3 Qf6 27. Rag1 Qf5 28. h3 gxh3 29. Rxg7 Rxg7 30. Rxg7 Kxg7 31. Kh2 cxd4 32. cxd4 Kh6 33. Qf2 Qf6 34. Qg3 Kh7 35. Qxh3 Qf5 36. Qh4 Ba6 37. Qe7+ Kg8 38. Kg3 Be2 39. Qg5+ Kh7 40. Qxf5+ exf5 41. Kh4 Kh6 42. Nc6 Kg6 43. Nxa7 Kf6 44. Nc6 Ke6 45. Kg5 Bc4 46. a3 Be2 47. Ne5 Kd6 48. Ng6 Ke6 49. Nh4 Bg4 50. b3 Bd1 51. Nxf5 Bxb3 52. Ng7+ Kf7 53. Nxh5 Bc2 54. f5 Ba4 55. Nf6 Bc6 56. Ng4 Be8 57. Kf4 Ba4 58. Ke5 Bd1 59. Nf6 1-0

[Event "Brno zt (Women)"]
[Site "Brno"]
[Date "1989.??.??"]
[Round "5"]
[White "Voiska, Margarita"]
[Black "Ghinda, Eugenia"]
[Result "1/2-1/2"]
[WhiteElo "2335"]
[BlackElo "2200"]
[PlyCount "54"]
[EventDate "1989.??.??"]
[EventType "tourn"]
[EventRounds "17"]
[EventCountry "CZE"]
[SourceTitle "EXT 1997"]
[Source "ChessBase"]
[SourceDate "1996.11.15"]
[SourceVersion "1"]
[SourceVersionDate "1996.11.15"]
[SourceQuality "1"]

1. Nf3 d5 2. d4 c6 3. c4 Nf6 4. Nc3 e6 5. Bg5 Nbd7 6. cxd5 exd5 7. e3 Bd6 8. Bd3 Nf8 9. 0-0 Ng6 10. e4 dxe4 11. Nxe4 Be7 12. Nxf6+ Bxf6 13. Re1+ Be6 14. Bxf6 Qxf6 15. d5 cxd5 16. Qa4+ Kf8 17. Rac1 Nf4 18. Qb4+ Kg8 19. Qxb7 Rd8 20. Bf1 h5 21. h4 Nh3+ 22. gxh3 Qxf3 23. Qe7 Rb8 24. Rc3 Qf4 25. Rg3 Rh6 26. Ree3 Qf6 27. Qxa7 Qxb2 1/2-1/2

[Event "Naleczow (Women)"]
[Site "Naleczow"]
[Date "1988.??.??"]
[Round "2"]
[White "Ghinda, Eugenia"]
[Black "Szalai, I."]
[Result "0-1"]
[WhiteElo "2225"]
[BlackElo "2185"]
[PlyCount "58"]
[EventDate "1988.07.??"]
[EventType "tourn"]
[EventRounds "11"]
[EventCountry "POL"]
[SourceTitle "EXT 1997"]
[Source "ChessBase"]
[SourceDate "1996.11.15"]
[SourceVersion "1"]
[SourceVersionDate "1996.11.15"]
[SourceQuality "1"]

1. e4 d5 2. exd5 Qxd5 3. Nc3 Qa5 4. d4 e5 5. Nf3 exd4 6. Qxd4 Nc6 7. Qe4+ Nge7 8. Bc4 Bf5 9. Qe2 0-0-0 10. Bxf7 Nb4 11. Bb3 Ned5 12. 0-0 Nxc3 13. bxc3 Nc6 14. Qc4 Bd6 15. Bf4 Rhf8 16. Bxd6 Rxd6 17. Rfd1 Be6 18. Qh4 Bxb3 19. Rxd6 cxd6 20. cxb3 Qxc3 21. Rd1 Qc2 22. Re1 Kc7 23. h3 h6 24. Nd4 Qd2 25. Ne6+ Kb6 26. Re3 g5 27. Qg3 Rf5 28. h4 gxh4 29. Qxh4 Qd1+ 0-1

[Event "Naleczow (Women)"]
[Site "Naleczow"]
[Date "1988.??.??"]
[Round "5"]
[White "Kasoshvili, Tsiala"]
[Black "Ghinda, Eugenia"]
[Result "1-0"]
[WhiteElo "2190"]
[BlackElo "2225"]
[PlyCount "133"]
[EventDate "1988.07.??"]
[EventType "tourn"]
[EventRounds "11"]
[EventCountry "POL"]
[SourceTitle "EXT 1997"]
[Source "ChessBase"]
[SourceDate "1996.11.15"]
[SourceVersion "1"]
[SourceVersionDate "1996.11.15"]
[SourceQuality "1"]

1. d4 e6 2. c4 f5 3. Nf3 Nf6 4. g3 d6 5. Nc3 Be7 6. Bg2 0-0 7. 0-0 a5 8. Re1 Ne4 9. Qc2 Nc6 10. Nxe4 Nb4 11. Qb1 fxe4 12. Qxe4 e5 13. g4 exd4 14. a3 Na6 15. Nxd4 Nc5 16. Qd5+ Kh8 17. Bf3 g6 18. Nc2 c6 19. Qd1 Nb3 20. Rb1 Nxc1 21. Qxc1 Bg5 22. Qd1 Bf4 23. Kg2 Qg5 24. h3 Be5 25. Rh1 Qf4 26. Ne3 Be6 27. Qd3 Rad8 28. b4 a4 29. b5 d5 30. bxc6 bxc6 31. cxd5 cxd5 32. Rb4 d4 33. Rxa4 Qf7 34. Nc4 Bg7 35. Nd2 Rc8 36. Ne4 Qd7 37. Ra5 Bc4 38. Qd2 Bd5 39. Ng5 Bg8 40. Rb1 Rc3 41. Ne4 Qc7 42. Ra4 Rc2 43. Qa5 Qe7 44. Qa7 Rc7 45. Qa6 Ba2 46. Rbb4 Bd5 47. Qd3 Bc6 48. Ra5 h6 49. Ra6 Re8 50. Ng3 Bxf3+ 51. Qxf3 Rf8 52. Ra8 Rcc8 53. Rxc8 Rxc8 54. Qe4 Qf6 55. Rb7 Rf8 56. f3 Qd6 57. Qe7 Qxe7 58. Rxe7 Ra8 59. h4 Rxa3 60. h5 gxh5 61. Nxh5 Bf8 62. Rd7 Bc5 63. Nf6 Ra7 64. f4 Rxd7 65. Nxd7 Ba7 66. Kf3 Kg7 67. Ke4 1-0

[Event "Naleczow (Women) "]
[Site "Naleczow"]
[Date "1987.??.??"]
[Round "8"]
[White "Ghinda, Eugenia"]
[Black "Erenska Barlo, Hanna"]
[Result "1-0"]
[WhiteElo "2150"]
[BlackElo "2275"]
[PlyCount "97"]
[EventDate "1987.07.??"]
[EventType "tourn"]
[EventRounds "11"]
[EventCountry "POL"]
[SourceTitle "EXT 2001"]
[Source "ChessBase"]
[SourceDate "2000.11.22"]
[SourceVersion "1"]
[SourceVersionDate "2000.11.22"]
[SourceQuality "1"]

1. d4 f5 2. Nf3 Nf6 3. g3 g6 4. Bg2 Bg7 5. b3 c5 6. Bb2 cxd4 7. Bxd4 Nc6 8. Bb2 0-0 9. 0-0 d5 10. Na3 Kh8 11. c4 dxc4 12. Nxc4 Be6 13. Rc1 Bd5 14. Ng5 Bxg2 15. Kxg2 Qxd1 16. Rfxd1 Ne8 17. Bxg7+ Nxg7 18. Rd7 Rab8 19. f4 Nh5 20. Ne5 Nf6 21. Nxc6 Nxd7 22. Nxb8 Nxb8 23. Rc7 Nc6 24. Rxb7 Rc8 25. Kf2 Kg8 26. b4 a6 27. a3 e5 28. Nxh7 exf4 29. Nf6+ Kf8 30. gxf4 Nd4 31. Rb8 Rxb8 32. Nd7+ Ke7 33. Nxb8 Nc2 34. Nxa6 Nxa3 35. Ke3 Kd6 36. Kd3 Kd5 37. Nc5 Nb5 38. Nd7 Ke6 39. Nc5+ Kd5 40. h4 Nd6 41. Nd7 Ke6 42. Ne5 Kf6 43. Kd4 Nb5+ 44. Kc4 Nd6+ 45. Kd5 Ne4 46. b5 Nc3+ 47. Kc6 Nxe2 48. b6 Nxf4 49. Nd7+ 1-0

[Event "Naleczow (Women) "]
[Site "Naleczow"]
[Date "1987.??.??"]
[Round "10"]
[White "Ghinda, Eugenia"]
[Black "Sikora Gizynska, Bozena"]
[Result "1/2-1/2"]
[WhiteElo "2150"]
[BlackElo "2265"]
[PlyCount "110"]
[EventDate "1987.07.??"]
[EventType "tourn"]
[EventRounds "11"]
[EventCountry "POL"]
[SourceTitle "EXT 2001"]
[Source "ChessBase"]
[SourceDate "2000.11.22"]
[SourceVersion "1"]
[SourceVersionDate "2000.11.22"]
[SourceQuality "1"]

1. d4 Nf6 2. e3 e6 3. Bd3 d5 4. Nd2 c5 5. c3 Nc6 6. f4 Bd6 7. Ndf3 Qe7 8. Ne2 a6 9. 0-0 Ne4 10. Qc2 f5 11. Qd1 0-0 12. Bd2 Nxd2 13. Qxd2 c4 14. Bc2 b5 15. Ne5 Bd7 16. Rfb1 Rfc8 17. Qe1 Be8 18. Nxc6 Bxc6 19. Qg3 Kh8 20. Qh3 g5 21. g3 g4 22. Qg2 a5 23. h3 h5 24. Kf2 Kg7 25. Rh1 Rh8 26. Rh2 Bd7 27. Rah1 Qf7 28. Qf1 Bc6 29. Qa1 Bc7 30. Ng1 Qg6 31. Bd1 Qf7 32. Be2 Bd6 33. Bf1 b4 34. Ne2 Rab8 35. Bg2 Bb5 36. Nc1 bxc3 37. b3 cxb3 38. Nxb3 Bc4 39. Qxc3 Bb4 40. Qc2 Bxb3 41. axb3 Rbc8 42. Qe2 Qc7 43. hxg4 hxg4 44. Rxh8 Rxh8 45. Rxh8 Kxh8 46. Qd1 Kg7 47. Bf1 Kf6 48. Be2 Qe7 49. Qg1 Bd2 50. Bd3 Qg7 51. Ke2 Bb4 52. Kf2 Bc3 53. Ke2 Kg6 54. Bc2 Bb4 55. Bd3 Qh7 1/2-1/2

[Event "Naleczow (Women) "]
[Site "Naleczow"]
[Date "1987.??.??"]
[Round "7"]
[White "Kaczorowska, Barbara"]
[Black "Ghinda, Eugenia"]
[Result "1-0"]
[WhiteElo "2155"]
[BlackElo "2150"]
[PlyCount "122"]
[EventDate "1987.07.??"]
[EventType "tourn"]
[EventRounds "11"]
[EventCountry "POL"]
[SourceTitle "EXT 2001"]
[Source "ChessBase"]
[SourceDate "2000.11.22"]
[SourceVersion "1"]
[SourceVersionDate "2000.11.22"]
[SourceQuality "1"]

1. d4 d5 2. c4 c6 3. cxd5 cxd5 4. Nc3 Nf6 5. Nf3 Nc6 6. Bf4 Bf5 7. e3 e6 8. Bb5 Nd7 9. 0-0 Be7 10. Bxc6 bxc6 11. Ne5 Nxe5 12. Bxe5 0-0 13. Na4 Qa5 14. Rc1 Rfc8 15. b3 Ba3 16. Ra1 Qb5 17. Qf3 f6 18. Bf4 Bd3 19. Rfe1 Bb4 20. Rec1 Ba3 21. Re1 Qa5 22. Qg3 Qd8 23. h4 Kh8 24. Red1 Bb5 25. Rab1 Qe7 26. Nc3 Re8 27. e4 Ba6 28. Re1 Qd7 29. b4 e5 30. dxe5 Bc4 31. exf6 gxf6 32. Nxd5 cxd5 33. Qxa3 Qg4 34. Bg3 Rxe4 35. Qc3 Rf8 36. a4 Kg7 37. Rxe4 Qxe4 38. Re1 Qd3 39. Qc1 Rf7 40. Qf4 Qc2 41. h5 Be2 42. h6+ Kg6 43. Qe3 Bh5 44. Bf4 Qc4 45. Qg3+ Kf5 46. Bd2 Rd7 47. Qg8 Qg4 48. Qc8 Kg6 49. Qg8+ Kf5 50. Qc8 Kg6 51. Re8 Qf5 52. Be1 Rf7 53. Qc3 Kxh6 54. Kh2 Bg6 55. Rg8 Qd3 56. Qc1+ Kh5 57. Qf4 Qf5 58. Qxf5+ Bxf5 59. f3 Bg6 60. Rd8 Bc2 61. Rxd5+ Kg6 1-0

[Event "Naleczow (Women) "]
[Site "Naleczow"]
[Date "1987.??.??"]
[Round "3"]
[White "Muslimova, Aida E"]
[Black "Ghinda, Eugenia"]
[Result "0-1"]
[WhiteElo "2265"]
[BlackElo "2150"]
[PlyCount "122"]
[EventDate "1987.07.??"]
[EventType "tourn"]
[EventRounds "11"]
[EventCountry "POL"]
[SourceTitle "EXT 2001"]
[Source "ChessBase"]
[SourceDate "2000.11.22"]
[SourceVersion "1"]
[SourceVersionDate "2000.11.22"]
[SourceQuality "1"]

1. d4 f5 2. c4 e6 3. g3 Nf6 4. Bg2 Be7 5. Nf3 0-0 6. 0-0 d6 7. Nc3 a5 8. b3 Qe8 9. Qc2 Nc6 10. Bb2 e5 11. d5 Nb8 12. a3 Na6 13. Rad1 Qh5 14. Bc1 f4 15. gxf4 Ng4 16. h3 Nh6 17. Kh2 exf4 18. Ne4 Bd7 19. Bb2 Bf5 20. Nd4 Bd7 21. Qc3 Ng4+ 22. Kg1 Ne5 23. Rfe1 Rf7 24. Nf3 Nxf3+ 25. Qxf3 Qxf3 26. exf3 Bh4 27. Bc3 b6 28. Rd2 Re8 29. Rde2 Kf8 30. Kh2 Be7 31. Bf1 Nc5 32. Rb2 Bf5 33. Nxc5 dxc5 34. Rbe2 Bd7 35. Rd2 Bd6 36. Rxe8+ Kxe8 37. Bd3 g6 38. Re2+ Re7 39. Re4 Kf7 40. Bc2 c6 41. Rxe7+ Kxe7 42. Be4 cxd5 43. Bxd5 a4 44. bxa4 Bxa4 45. Be4 Bb3 46. Bd3 Ke6 47. h4 Bd1 48. Kg2 Be5 49. Bd2 Bb3 50. Bc1 Kf6 51. Kf1 h6 52. Kg2 g5 53. hxg5+ hxg5 54. Kh3 Bd4 55. Kg4 Ba4 56. Be4 Bd7+ 57. Kh5 Bxf2 58. Bd2 Bd4 59. Bc1 Bc3 60. Bd5 Bf5 61. Kh6 Bg6 0-1

[Event "Naleczow (Women) "]
[Site "Naleczow"]
[Date "1987.??.??"]
[Round "5"]
[White "Nowik, Urszula"]
[Black "Ghinda, Eugenia"]
[Result "0-1"]
[WhiteElo "2040"]
[BlackElo "2150"]
[PlyCount "92"]
[EventDate "1987.07.??"]
[EventType "tourn"]
[EventRounds "11"]
[EventCountry "POL"]
[SourceTitle "EXT 2001"]
[Source "ChessBase"]
[SourceDate "2000.11.22"]
[SourceVersion "1"]
[SourceVersionDate "2000.11.22"]
[SourceQuality "1"]

1. d4 e6 2. Nf3 f5 3. e3 Nf6 4. Bd3 b6 5. 0-0 Bb7 6. c4 Be7 7. Nc3 0-0 8. b3 Qe8 9. Ne1 d6 10. d5 exd5 11. Bxf5 dxc4 12. Be6+ Kh8 13. Bxc4 Nbd7 14. Bb2 Ne5 15. Be2 Qg6 16. Nb5 Bd8 17. Rc1 Nd5 18. Nd4 Bf6 19. Qd2 c5 20. Ndf3 Rad8 21. Nxe5 dxe5 22. Qc2 Nb4 23. Qxg6 hxg6 24. Bc4 Rd2 25. Bc3 Rxa2 26. Rd1 e4 27. Bxb4 cxb4 28. Rd7 Bc6 29. Rc7 Ba8 30. g3 a5 31. Ng2 g5 32. Ra7 Rd2 33. h4 gxh4 34. Nf4 Kh7 35. Kg2 Bc6 36. Nh5 h3+ 37. Kxh3 Rd7 38. Nxf6+ Rxf6 39. Rxd7 Bxd7+ 40. Kg2 Rd6 41. Rh1+ Kg6 42. Bg8 Kg5 43. Rh4 Bg4 44. Rh7 Bf3+ 45. Kh3 Rd1 46. Rxg7+ Kh6 0-1

[Event "Alfoldi Memorial (Women)"]
[Site "Budapest"]
[Date "1984.??.??"]
[Round "?"]
[White "Ghinda, Eugenia"]
[Black "Csonkics, Tunde"]
[Result "1/2-1/2"]
[WhiteElo "2060"]
[BlackElo "2085"]
[PlyCount "72"]
[EventDate "1984.??.??"]
[EventType "tourn"]
[EventRounds "15"]
[EventCountry "HUN"]
[SourceTitle "EXT 1998"]
[Source "ChessBase"]
[SourceDate "1997.11.17"]
[SourceVersion "1"]
[SourceVersionDate "1997.11.17"]
[SourceQuality "1"]

1. e4 c5 2. Nc3 d6 3. Nge2 Nf6 4. d4 cxd4 5. Nxd4 a6 6. Bc4 e6 7. a3 Be7 8. Ba2 b5 9. Be3 Qc7 10. g4 Bb7 11. f3 Nc6 12. g5 Nd7 13. Bxe6 Nde5 14. Nxc6 Bxc6 15. Bd5 Rc8 16. f4 Ng6 17. Qd4 Bxd5 18. Qxd5 Qd7 19. 0-0-0 Qh3 20. Qd2 0-0 21. Rhg1 Rfe8 22. Rg3 Qd7 23. h4 a5 24. h5 Nf8 25. Nd5 Qe6 26. f5 Qxe4 27. Nf6+ Bxf6 28. gxf6 Qxf5 29. Rxg7+ Kh8 30. Rdg1 Ne6 31. Rxf7 Rg8 32. Re1 Qxh5 33. Re7 Nc5 34. f7 Nb3+ 35. Kb1 Nxd2+ 36. Bxd2 Kg7 1/2-1/2

[Event "Alfoldi Memorial (Women)"]
[Site "Budapest"]
[Date "1984.??.??"]
[Round "?"]
[White "Ghinda, Eugenia"]
[Black "Krizsan Bilek, Gyulane"]
[Result "0-1"]
[WhiteElo "2060"]
[BlackElo "1965"]
[PlyCount "94"]
[EventDate "1984.??.??"]
[EventType "tourn"]
[EventRounds "15"]
[EventCountry "HUN"]
[SourceTitle "EXT 1998"]
[Source "ChessBase"]
[SourceDate "1997.11.17"]
[SourceVersion "1"]
[SourceVersionDate "1997.11.17"]
[SourceQuality "1"]

1. e4 c5 2. Nc3 g6 3. g3 Bg7 4. Bg2 Nc6 5. d3 d6 6. f4 h5 7. Nf3 Nd4 8. Nd5 Rb8 9. Ne3 b5 10. h3 Nh6 11. c3 Nxf3+ 12. Bxf3 e5 13. f5 gxf5 14. exf5 Nxf5 15. Nxf5 Bxf5 16. Bxh5 Be6 17. h4 d5 18. 0-0 d4 19. Qf3 Qd7 20. Bg5 dxc3 21. bxc3 Bd5 22. Bg4 Qd6 23. Qe2 f6 24. Bd2 Rd8 25. Be1 Bf7 26. d4 cxd4 27. Qxb5+ Kf8 28. c4 Rb8 29. Qa4 Kg8 30. Bf2 Qc5 31. Qd7 Qxc4 32. Rfc1 Qd5 33. Rc8+ Rxc8 34. Qxc8+ Kh7 35. Bf5+ Bg6 36. Qc2 e4 37. Bxg6+ Kxg6 38. Qd1 f5 39. Rc1 Bf6 40. Rc7 a5 41. Qa4 e3 42. Be1 d3 43. Rd7 d2 44. Bxd2 Qf3 45. Be1 e2 46. Qc4 Qf1+ 47. Kh2 Rxh4+ 0-1

[Event "Alfoldi Memorial (Women)"]
[Site "Budapest"]
[Date "1984.??.??"]
[Round "?"]
[White "Ghinda, Eugenia"]
[Black "Voiska, Margarita"]
[Result "1/2-1/2"]
[WhiteElo "2060"]
[BlackElo "2115"]
[PlyCount "74"]
[EventDate "1984.??.??"]
[EventType "tourn"]
[EventRounds "15"]
[EventCountry "HUN"]
[SourceTitle "EXT 1998"]
[Source "ChessBase"]
[SourceDate "1997.11.17"]
[SourceVersion "1"]
[SourceVersionDate "1997.11.17"]
[SourceQuality "1"]

1. d4 d5 2. Nf3 c5 3. c3 Nc6 4. e3 e6 5. Nbd2 Nf6 6. dxc5 Bxc5 7. b4 Bd6 8. a3 0-0 9. c4 Qe7 10. Bb2 Rd8 11. Qc2 Bd7 12. c5 Bc7 13. Bd3 e5 14. e4 Bg4 15. 0-0 d4 16. Ne1 a6 17. f3 Be6 18. Bc4 Nh5 19. Nd3 Qg5 20. Bxe6 fxe6 21. Nc4 Ne7 22. Bc1 Qf6 23. g4 Nf4 24. Bxf4 exf4 25. Qf2 Ng6 26. Rfc1 h5 27. gxh5 Qg5+ 28. Kh1 Qxh5 29. Rg1 Kf7 30. Rg4 Rh8 31. Rag1 Rh6 32. e5 Rah8 33. R1g2 Nh4 34. Rxf4+ Ke8 35. Rg3 Nf5 36. Rg2 Nh4 37. Rg3 Nf5 1/2-1/2